Normal view MARC view
  • Ducoudray, Gustave,

Entry Nombre Personal

Number of records used in: 3

001 - NUMERO DE CONTROL

  • campo de control: 42586

003 - IDENTIFICADOR DE NUMERO DE CONTROL

  • campo de control: MX-MxUPN

005 - FECHA Y HORA DE LA ÜLTIMA TRANSACCIÓN

  • campo de control: 20240605100758.0

008 - DATOS DE LONGITUD FIJA

  • campo de control de longitud fija: 240605n||acannaabn | aaa |d

035 ## - NUMERO DE CONTROL

  • Número de control: UPN11000014693

040 ## - FUENTE DE CATALOGACIÓN

  • Lenguaje de catalogación: spa
  • Agencia de transcripción: MX-MxUPN
  • Agencia original de catalogación: MX-MxUPN

100 1# - ENCABEZAMIENTO - NOMBRE PERSONAL

  • Nombre personal: Ducoudray, Gustave,
  • Fechas asociadas con el nombre: 1838-1906

400 1# - VEÁSE - NOMBRE DE PERSONA

  • Personal name: Ducoudray, G.,
  • Dates associated with a name: 1838-1906

670 ## - FUENTE EN LA QUE SE LOCALIZARON DATOS

  • Cita de la fuente: LC, 05 mayo 2024 :
  • Información localizada: (Ducoudray, Gustave, 1838-1906)
  • Uniform Resource Identifier: https://lccn.loc.gov/no2011015979

670 ## - FUENTE EN LA QUE SE LOCALIZARON DATOS

  • Información localizada: portada (G. Ducoudray)

680 ## - NOTA PUBLICA DE ACCESO PÚBLICO

  • Frase explicativa de la referencia: Historiador y educador francés

902 ## - CATALOGADOR

  • Catalogador: CAA/290419